Strategické riadenie ľudských zdrojov
Strategické riadenie v organizácii. Filozofia, vízia, poslanie, ciele a stratégia organizácie. Strategické riadenie ľudských zdrojov. Požiadavky na strategické riadenie ľudských zdrojov. Tvorba stratégie ľudských zdrojov. Politika riadenia ľudských zdrojov. Strategické myslenie.
Guardado en:
| Autor principal: | |
|---|---|
| Formato: | Capítulo de libro |
| Lenguaje: | eslovaco |
| Materias: | |
| Etiquetas: |
Sin Etiquetas, Sea el primero en etiquetar este registro!
|
MARC
| LEADER | 00000naa$a2200000$$$4500 | ||
|---|---|---|---|
| 001 | 0068736 | ||
| 005 | 20240502071831.2 | ||
| 041 | 0 | |a slo | |
| 044 | |a SK | ||
| 245 | 1 | 0 | |a Strategické riadenie ľudských zdrojov |c Cecília Olexová |
| 520 | |a Strategické riadenie v organizácii. Filozofia, vízia, poslanie, ciele a stratégia organizácie. Strategické riadenie ľudských zdrojov. Požiadavky na strategické riadenie ľudských zdrojov. Tvorba stratégie ľudských zdrojov. Politika riadenia ľudských zdrojov. Strategické myslenie. | ||
| 610 | 2 | 0 | |a riadenie ľudských zdrojov |
| 610 | 2 | 0 | |a riadenie strategické |
| 610 | 2 | 0 | |a zdroje ľudské |
| 610 | 2 | 0 | |a práca personálna |
| 610 | 2 | 0 | |a vzdelávanie |
| 610 | 2 | 0 | |a odmeňovanie |
| 610 | 2 | 0 | |a zamestnanci |
| 610 | 2 | 0 | |a manažéri |
| 610 | 2 | 0 | |a podmienky pracovné |
| 100 | 1 | |a Olexová, Cecília, 1976- | |